000 01100nam a22003257a 4500
003 CHAP
005 20220329143724.0
008 110413s1983 mx r 00010 spa d
010 _a100940
011 _a101912
020 _a9684450478
035 _a112600
040 _cCHAP
082 0 4 _a581.634
_bH24
100 1 _aHarris, Ben Charles
_952846
245 1 0 _aGinseng :
_bQué es... Qué puede hacer por usted
_c/por Ben Charles Harris
260 _aMadrid :
_bEDAF (plus Vitae),
_cc1983
300 _a124 p.
534 _pTít. original :
_tFact/book on ginseng what it is... what it can do for you.
_cMadrid : Faye Harris, c1978.
590 _aBATCH-UPD
_b10
_c20130110
_lUCH01
_h1138
590 _aBATCH-UPD
_b10
_c20130410
_lUCH01
_h0724
590 _aBATCH-UPD
_b10
_c20130914
_lUCH01
_h0744
590 _aCONVERSION
_b10
_c20130109
_lUCH01
_h1356
650 1 4 _aBotánica médica.
_914680
650 1 4 _aMedicina alternativa.
_973914
650 1 4 _aMedicina tradicional.
_973921
901 _aBK
942 _cLIBRO
949 _a581.634 H24
_bBC
_cLIBRO
_d33724002258678
_eLIBRO
_h114672
_i112600
_sb
999 _c100940
_d100940